[Event "47th IT Bosna 2017"]
[Site "Sarajevo"]
[Date "2017.05.16"]
[Round "6.5"]
[White "Nestorovic, Nikola"]
[Black "Bistric, Faruk"]
[Result "1-0"]
[WhiteElo "2506"]
[BlackElo "2349"]
[PlyCount "99"]
[EventDate "2017.05.13"]

1. e4 c5 2. Nf3 d6 3. d4 cxd4 4. Nxd4 Nf6 5. Nc3 h6 6. f3 Nc6 7. Be3 a6 8. Qd2
Nxd4 9. Bxd4 e5 10. Be3 Be6 11. O-O-O Be7 12. g4 Rc8 13. Kb1 Qa5 14. Nd5 Qxd2
15. Nxf6+ Bxf6 16. Rxd2 Rc6 17. h4 b5 18. c3 Bd8 19. Bd3 Bb6 20. Bxb6 Rxb6 21.
Bc2 Ke7 22. b4 Rc8 23. Kb2 Rbc6 24. Rd3 a5 25. a3 axb4 26. axb4 Ra6 27. Ra1
Rxa1 28. Kxa1 Ra8+ 29. Kb1 Ra3 30. Kb2 Ra2+ 31. Kb1 Kd7 32. Rd2 Kc6 33. Kc1 Bc4
34. Bb1 Ra8 35. Kb2 Ra7 36. Bd3 Ra2+ 37. Kc1 Ra1+ 38. Bb1 d5 39. Kb2 Ra7 40.
exd5+ Bxd5 41. Be4 Rd7 42. c4 bxc4 43. b5+ Kc5 44. b6 Bxe4 45. Rxd7 Bxf3 46.
Rxf7 Bd5 47. b7 Bxb7 48. Rxb7 Kd4 49. Rxg7 e4 50. Kc2 1-0

[Event "47th IT Bosna 2017"]
[Site "Sarajevo"]
[Date "2017.05.16"]
[Round "6.6"]
[White "Jakovljevic, Vlado"]
[Black "Milanovic, Danilo"]
[Result "0-1"]
[WhiteElo "2384"]
[BlackElo "2510"]
[PlyCount "88"]
[EventDate "2017.05.13"]

1. Nf3 Nf6 2. c4 d6 3. d4 g6 4. Nc3 Bf5 5. Qb3 Qc8 6. h3 Bg7 7. g4 Bd7 8. e4
O-O 9. Be3 Nc6 10. O-O-O a6 11. Qc2 b5 12. c5 dxc5 13. dxc5 e5 14. Nd5 Be6 15.
Bg5 Nxd5 16. Rxd5 Qb7 17. Bd2 Bxd5 18. exd5 Ne7 19. c6 Qc8 20. Bb4 Nxd5 21.
Bxf8 Qxf8 22. a3 Qd6 23. Bd3 Qf6 24. Be4 Qf4+ 25. Kb1 Nf6 26. Re1 Rd8 27. Ka2
h6 28. Re2 Nxe4 29. Qxe4 Qxe4 30. Rxe4 Rd6 31. Re3 f6 32. Kb3 Kf7 33. Kb4 Rxc6
34. Ka5 Rc2 35. b4 Rc6 36. h4 Ke7 37. g5 Kd6 38. gxf6 Bxf6 39. Nd2 Bxh4 40. f3
Kd5 41. Rd3+ Ke6 42. Ne4 Be7 43. Rd1 h5 44. Re1 Kf5 0-1

[Event "47th IT Bosna 2017"]
[Site "Sarajevo"]
[Date "2017.05.16"]
[Round "6.7"]
[White "Damljanovic, Branko"]
[Black "Ozates, Tuna"]
[Result "1-0"]
[WhiteElo "2543"]
[BlackElo "2286"]
[PlyCount "89"]
[EventDate "2017.05.13"]

1. Nf3 c5 2. e4 Nc6 3. Bb5 g6 4. O-O Bg7 5. Re1 e5 6. Bxc6 dxc6 7. d3 Qe7 8. h3
Nf6 9. Be3 O-O 10. Qc1 Re8 11. Bh6 Nh5 12. Nc3 f6 13. Bxg7 Qxg7 14. Ne2 g5 15.
Nh2 Nf4 16. Ng4 Nxe2+ 17. Rxe2 Bxg4 18. hxg4 Qd7 19. Qe3 Qxg4 20. f3 Qd7 21.
Qxc5 Kf7 22. Rd2 b6 23. Qc4+ Qe6 24. Qxe6+ Kxe6 25. g4 Re7 26. Rh2 Kd6 27. Kf2
Rd8 28. Ke3 c5 29. a4 Kc6 30. Rh6 Rf7 31. Rah1 Rdd7 32. c3 Kc7 33. Rd1 Kd6 34.
d4 cxd4+ 35. cxd4 exd4+ 36. Rxd4+ Ke5 37. Rb4 Rd1 38. Rb5+ Ke6 39. Rxg5 Rh1 40.
Rgh5 Rxh5 41. Rxh5 Rc7 42. Rh6 Rg7 43. Kf4 Kf7 44. b4 a6 45. e5 1-0

[Event "47th IT Bosna 2017"]
[Site "Sarajevo"]
[Date "2017.05.16"]
[Round "6.8"]
[White "Eric, Jovana"]
[Black "Kosic, Dragan"]
[Result "0-1"]
[WhiteElo "2237"]
[BlackElo "2485"]
[PlyCount "88"]
[EventDate "2017.05.13"]

1. e4 e6 2. d4 d5 3. Nc3 a6 4. exd5 exd5 5. Bd3 Nf6 6. Nge2 c5 7. dxc5 Bxc5 8.
O-O Be6 9. Ng3 O-O 10. Bg5 h6 11. Bf4 Nc6 12. Qd2 Re8 13. Nf5 Bf8 14. Rad1 Bxf5
15. Bxf5 d4 16. Ne2 Qd5 17. Bd3 Qxa2 18. c3 dxc3 19. Nxc3 Qa5 20. Bc4 Qb4 21.
Ba2 Rad8 22. Qc1 Nd4 23. Qb1 Nf3+ 24. gxf3 Qxf4 25. Qg6 Qg5+ 26. Qxg5 hxg5 27.
Nd5 Nxd5 28. Bxd5 b6 29. Be4 Bc5 30. Kg2 g6 31. b3 Kg7 32. Bd3 a5 33. Bc4 f5
34. Bb5 Rh8 35. h3 Rxd1 36. Rxd1 Rh4 37. Rd3 Kf6 38. Bc6 Rb4 39. Be8 a4 40.
bxa4 Rb2 41. Kf1 Rxf2+ 42. Ke1 Rh2 43. Rd5 Rxh3 44. Ke2 g4 0-1

[Event "47th IT Bosna 2017"]
[Site "Sarajevo"]
[Date "2017.05.16"]
[Round "6.9"]
[White "Blagojevic, Dragisa"]
[Black "Aakanksha, Hagawane"]
[Result "1/2-1/2"]
[WhiteElo "2480"]
[BlackElo "2283"]
[PlyCount "44"]
[EventDate "2017.05.13"]

1. d4 Nf6 2. c4 g6 3. Nf3 Bg7 4. g3 O-O 5. Bg2 d5 6. cxd5 Nxd5 7. O-O Nb6 8.
Nc3 Nc6 9. e3 Re8 10. a3 a5 11. d5 Bxc3 12. dxc6 Qxd1 13. Rxd1 Bg7 14. Nd4 Rb8
15. Bd2 Bxd4 16. exd4 Nc4 17. Bf4 Nd6 18. Re1 Kf8 19. b4 axb4 20. axb4 bxc6 21.
Bxc6 Rd8 22. Ra7 Bd7 1/2-1/2

[Event "47th IT Bosna 2017"]
[Site "Sarajevo"]
[Date "2017.05.16"]
[Round "6.10"]
[White "Drazic, Sinisa"]
[Black "Maksimovic, Bojan"]
[Result "1/2-1/2"]
[WhiteElo "2427"]
[BlackElo "2269"]
[PlyCount "100"]
[EventDate "2017.05.13"]

1. d4 Nf6 2. c4 c5 3. e3 cxd4 4. exd4 d5 5. Nc3 Nc6 6. Nf3 e6 7. a3 dxc4 8.
Bxc4 Be7 9. O-O O-O 10. Bg5 Nd7 11. Bf4 Nb6 12. Ba2 Bd6 13. Be5 Nxe5 14. dxe5
Be7 15. Qe2 Bd7 16. Rfd1 Qe8 17. Nd4 Bc6 18. Ncb5 Qb8 19. Rac1 Rc8 20. Nxc6
Rxc6 21. Rxc6 bxc6 22. Nd4 Qb7 23. Bb1 g6 24. h4 Nd5 25. g3 c5 26. Nb5 Rb8 27.
Bd3 a6 28. Nc3 Nxc3 29. bxc3 a5 30. a4 c4 31. Bxc4 Qc6 32. Bb5 Qxc3 33. Rd7 Qc5
34. Qd2 Qb4 35. Qc1 Rd8 36. Rxd8+ Bxd8 37. Qc8 Qe1+ 38. Kg2 Qe4+ 39. Kh2 Qd4
40. Kg2 h5 41. Bd7 Qb6 42. Be8 Kf8 43. Bc6 Kg7 44. Qb7 Qxb7 45. Bxb7 Be7 46.
Bc8 Bb4 47. f4 Kf8 48. Kf3 Be1 49. Bd7 Ke7 50. Bb5 Kf8 1/2-1/2

[Event "47th IT Bosna 2017"]
[Site "Sarajevo"]
[Date "2017.05.16"]
[Round "6.11"]
[White "Obad, Andrija"]
[Black "Filipovic, Branko"]
[Result "0-1"]
[WhiteElo "2256"]
[BlackElo "2413"]
[PlyCount "198"]
[EventDate "2017.05.13"]

1. e4 e6 2. d4 a6 3. Nf3 d5 4. Nbd2 c5 5. exd5 exd5 6. dxc5 Bxc5 7. Be2 Nf6 8.
O-O Nc6 9. Nb3 Bb6 10. Bg5 O-O 11. c3 Re8 12. Nfd4 Qd6 13. Bh4 Ne4 14. Bg3 Nxg3
15. hxg3 Ne5 16. Re1 Bd7 17. Qc2 Rac8 18. Rad1 Qf6 19. Qd2 Nc4 20. Qc1 a5 21.
Nf3 Ne3 22. Rd3 Ng4 23. Nbd4 Bb5 24. Rd2 Bd7 25. Bf1 Re4 26. Rc2 Rce8 27. Rd1
Ba4 28. b3 Bd7 29. Bd3 R4e7 30. Qf4 g6 31. Qxf6 Nxf6 32. Kf1 Ne4 33. Bb5 Bxb5+
34. Nxb5 g5 35. g4 Rd8 36. Nfd4 Nf6 37. f3 h5 38. gxh5 Nxh5 39. Kf2 Nf4 40. g3
Ne6 41. Kg2 Ng7 42. Rdd2 f6 43. Rd3 Kf7 44. Rcd2 Kg6 45. g4 Re5 46. a4 Bc5 47.
Rb2 Rc8 48. Re2 Ne6 49. Rdd2 Nf4+ 50. Kg3 Bxd4 51. Nxd4 Nxe2+ 52. Nxe2 b6 53.
Kf2 Rh8 54. Kg2 Re3 55. Kf2 Re7 56. Kg2 Reh7 57. Kf2 Re7 58. Kg2 Re5 59. Nd4
Rc8 60. Ne2 f5 61. gxf5+ Rxf5 62. Rd3 Re5 63. Nd4 Re1 64. Kf2 Rb1 65. Re3 Rf8
66. Kg3 Rg1+ 67. Kf2 Rc1 68. Kg3 Rf6 69. Kg2 Rd1 70. Kg3 Rd2 71. Ne6 Rb2 72.
Nd4 Kf7 73. Re5 Rd2 74. Rxd5 Rd3 75. Rxg5 Rxc3 76. Rh5 Rd3 77. Rh4 Rd6 78. Rf4+
Rf6 79. Rh4 Rd6 80. Rf4+ Ke8 81. Re4+ Kd7 82. Nf5 Rg6+ 83. Kf4 Rxb3 84. Rd4+
Kc7 85. Rc4+ Kb7 86. Ke5 Rb4 87. Rc3 Rxa4 88. Nd6+ Ka6 89. Rc8 Rxd6 90. Kxd6
Rf4 91. Rc3 a4 92. Ke5 Rf8 93. f4 b5 94. Rf3 b4 95. Kd4 Rc8 96. f5 a3 97. f6 a2
98. Rf1 b3 99. Ra1 Kb5 0-1

[Event "47th IT Bosna 2017"]
[Site "Sarajevo"]
[Date "2017.05.16"]
[Round "6.12"]
[White "Arapovic, Vitomir"]
[Black "Zarkovic, Mila"]
[Result "1/2-1/2"]
[WhiteElo "2330"]
[BlackElo "2251"]
[PlyCount "33"]
[EventDate "2017.05.13"]

1. Nf3 Nf6 2. g3 e6 3. Bg2 d5 4. O-O c5 5. d3 Be7 6. Nbd2 b6 7. e4 Bb7 8. exd5
Bxd5 9. b3 O-O 10. Bb2 Nbd7 11. Re1 Qc7 12. Nc4 Rfe8 13. a4 a6 14. Qe2 h6 15.
Ne3 Bc6 16. Nd2 Nd5 17. f4 1/2-1/2

[Event "47th IT Bosna 2017"]
[Site "Sarajevo"]
[Date "2017.05.16"]
[Round "6.13"]
[White "Krstonijevic, Stjepan"]
[Black "Sutkovic, Damir"]
[Result "1/2-1/2"]
[WhiteElo "2155"]
[BlackElo "2317"]
[PlyCount "41"]
[EventDate "2017.05.13"]

1. e4 c6 2. d4 d5 3. Nc3 dxe4 4. Nxe4 Nd7 5. Nf3 Ngf6 6. Nxf6+ Nxf6 7. Be2 Bg4
8. O-O e6 9. h3 Bh5 10. c3 Bd6 11. Ne5 Bxe2 12. Qxe2 O-O 13. Bg5 Be7 14. Ng4
Nxg4 15. Bxe7 Qxe7 16. Qxg4 Rad8 17. Rfe1 Rd5 18. Re3 Rg5 19. Qf4 Rd8 20. Re5
Rxe5 21. Qxe5 1/2-1/2

[Event "47th IT Bosna 2017"]
[Site "Sarajevo"]
[Date "2017.05.16"]
[Round "6.14"]
[White "Popovic, Zoran"]
[Black "Jurman, Roberto"]
[Result "0-1"]
[WhiteElo "2300"]
[BlackElo "2152"]
[PlyCount "160"]
[EventDate "2017.05.13"]

1. d4 Nf6 2. c4 g6 3. Nc3 Bg7 4. e4 c5 5. d5 d6 6. h3 Na6 7. Nf3 Nc7 8. Bd3 a6
9. a4 Rb8 10. O-O O-O 11. Re1 Nd7 12. Bf4 Ne5 13. Nxe5 Bxe5 14. Bxe5 dxe5 15.
Qd2 Ne8 16. a5 Bd7 17. Na4 Bxa4 18. Rxa4 Qd6 19. b4 Nf6 20. f4 Nd7 21. fxe5
Nxe5 22. Bf1 Rfc8 23. bxc5 Rxc5 24. Qb4 Rbc8 25. Rb1 Nd7 26. Qe1 R5c7 27. Rab4
Qc5+ 28. Qf2 Qxf2+ 29. Kxf2 Nc5 30. Ke3 f6 31. h4 Rd8 32. g3 Rd6 33. Bh3 Kf7
34. Rf1 Kg7 35. Rfb1 Kf8 36. Rb6 h6 37. Rh1 Kg7 38. Rhb1 Kf8 39. Kd4 Kf7 40. e5
fxe5+ 41. Kxe5 Nd3+ 42. Kd4 Nc5 43. Rf1+ Kg7 44. Rf3 Na4 45. Rb1 Rf6 46. Rxf6
Kxf6 47. Rf1+ Kg7 48. Be6 Nc5 49. Rf7+ Kh8 50. g4 Nb3+ 51. Ke5 Nxa5 52. h5
Nxc4+ 53. Kd4 gxh5 54. gxh5 Nd6 55. Rf8+ Kg7 56. Rg8+ Kh7 57. Kd3 a5 58. Rg6 a4
59. Bg8+ Kh8 60. Be6 b5 61. Rxh6+ Kg7 62. Rg6+ Kh7 63. Rg8 b4 64. Ra8 a3 65.
Bg4 Rc3+ 66. Kd2 Nc4+ 67. Ke2 b3 68. Ra6 Re3+ 69. Kf2 Nd6 70. Bd1 Rc3 71. Rxa3
Ne4+ 72. Kg2 b2 73. Rxc3 b1=Q 74. Bc2 Qb2 75. Rc4 Kh6 76. Rxe4 Qxc2+ 77. Kf3
Qd3+ 78. Kf4 Qxd5 79. Re5 Qd6 80. Ke4 e6 0-1

[Event "47th IT Bosna 2017"]
[Site "Sarajevo"]
[Date "2017.05.16"]
[Round "6.15"]
[White "Nezirovic, Ozren"]
[Black "Vajic, Goran"]
[Result "1/2-1/2"]
[WhiteElo "2013"]
[BlackElo "2295"]
[PlyCount "33"]
[EventDate "2017.05.13"]

1. e4 e5 2. Nf3 Nc6 3. Bc4 Be7 4. d4 d6 5. dxe5 Nxe5 6. Nxe5 dxe5 7. Qh5 g6 8.
Qxe5 Nf6 9. Bh6 Rg8 10. h3 Qd6 11. Qxd6 Bxd6 12. Nd2 g5 13. Nf3 Nxe4 14. Bd5
Rg6 15. Bxe4 Rxh6 16. O-O-O f5 17. Bd5 1/2-1/2

[Event "47th IT Bosna 2017"]
[Site "Sarajevo"]
[Date "2017.05.16"]
[Round "6.16"]
[White "Ozen, Bahadir"]
[Black "Temizkan, Denizcan"]
[Result "1-0"]
[WhiteElo "2289"]
[BlackElo "2124"]
[PlyCount "83"]
[EventDate "2017.05.13"]

1. g3 Nf6 2. Bg2 d5 3. Nf3 Bg4 4. c4 c6 5. Ne5 Be6 6. O-O g6 7. cxd5 Bxd5 8.
Nf3 Bg7 9. Nc3 O-O 10. d3 Bxf3 11. Bxf3 Nbd7 12. Bd2 e5 13. Rb1 Nc5 14. b4 Ne6
15. b5 Nd4 16. Bg2 Rc8 17. bxc6 bxc6 18. Qa4 Qe7 19. e3 Ne6 20. Bc1 Rfd8 21.
Ba3 Qd7 22. Ne4 Nxe4 23. dxe4 Rb8 24. Rxb8 Rxb8 25. Rd1 Qb7 26. Rc1 c5 27. h4
Bf8 28. Bh3 Qb6 29. Qc4 Rc8 30. Qc3 Qd6 31. Bf1 Nd8 32. Qc2 Qf6 33. Bc4 Ne6 34.
Qe2 Nc7 35. Bb2 Bd6 36. Rd1 Na8 37. a4 Rd8 38. a5 Bc7 39. Bc3 Bb8 40. Rxd8+
Qxd8 41. Qb2 Qc7 42. Bd5 1-0

[Event "47th IT Bosna 2017"]
[Site "Sarajevo"]
[Date "2017.05.16"]
[Round "6.17"]
[White "Marjanovic, Dejan"]
[Black "Terzic, Ilijas"]
[Result "1-0"]
[WhiteElo "2412"]
[BlackElo "2163"]
[PlyCount "49"]
[EventDate "2017.05.13"]

1. d4 Nf6 2. c4 e6 3. Nf3 d5 4. g3 c5 5. cxd5 exd5 6. Bg2 Nc6 7. O-O Be7 8.
dxc5 Bxc5 9. Nc3 d4 10. Na4 Be7 11. b3 O-O 12. Bb2 d3 13. exd3 Bg4 14. h3 Bh5
15. g4 Bg6 16. d4 Nd5 17. Ne5 Nxe5 18. dxe5 Nf4 19. Qf3 Nxg2 20. Kxg2 b5 21.
Nc3 Qd2 22. Nd5 Bh4 23. Bc3 Qc2 24. Rfe1 Rad8 25. Nb4 1-0

[Event "47th IT Bosna 2017"]
[Site "Sarajevo"]
[Date "2017.05.16"]
[Round "6.18"]
[White "Sitnic, Adnan"]
[Black "Stankovic, Milos"]
[Result "0-1"]
[WhiteElo "2235"]
[BlackElo "2406"]
[PlyCount "98"]
[EventDate "2017.05.13"]

1. e4 e6 2. d4 d5 3. e5 c5 4. c3 Nc6 5. Nf3 Bd7 6. Be2 Nge7 7. Na3 Ng6 8. Nc2
cxd4 9. cxd4 Be7 10. g3 O-O 11. Bd3 f6 12. exf6 Bxf6 13. Bxg6 hxg6 14. h4 Qb6
15. O-O Rae8 16. Bf4 Ne7 17. Qd2 Rc8 18. b3 Nf5 19. Ne5 Rxc2 20. Qxc2 Nxd4 21.
Nxd7 Nxc2 22. Nxb6 Bxa1 23. Bd6 Rf7 24. Rc1 axb6 25. Rxc2 Rd7 26. Bb4 e5 27.
Rc8+ Kf7 28. Rc1 Bd4 29. Kf1 Ke6 30. Ke2 Rf7 31. f3 Kd7 32. Bc3 Bxc3 33. Rxc3
Rf8 34. Re3 Kd6 35. Rc3 b5 36. Rc2 Ra8 37. Ke3 Ra6 38. Rh2 Rc6 39. Kd2 b4 40.
h5 Rc3 41. hxg6 Rxf3 42. Rh7 Rxg3 43. Rxg7 Kc5 44. Rc7+ Kd4 45. Rxb7 Rg2+ 46.
Ke1 Rxg6 47. Rxb4+ Ke3 48. Kd1 e4 49. Rb5 d4 0-1

[Event "47th IT Bosna 2017"]
[Site "Sarajevo"]
[Date "2017.05.16"]
[Round "6.20"]
[White "Bucan, Eldin"]
[Black "Nestorovic, Dejan"]
[Result "0-1"]
[WhiteElo "2126"]
[BlackElo "2375"]
[PlyCount "88"]
[EventDate "2017.05.13"]

1. e4 c5 2. Nf3 e6 3. d4 cxd4 4. Nxd4 a6 5. c4 Nf6 6. Nc3 Qc7 7. Qd3 Be7 8. Be2
O-O 9. O-O d6 10. Qg3 b6 11. Bh6 Ne8 12. Rac1 Bb7 13. Be3 Nd7 14. f4 Kh8 15.
Bd3 Nef6 16. b4 g6 17. Nf3 Nh5 18. Qh3 Rae8 19. g4 Ng7 20. Bd4 Bf6 21. Bxf6
Nxf6 22. e5 Ng8 23. exd6 Qxd6 24. Ne5 Ne7 25. a3 Rd8 26. Ne2 Kg8 27. Rc3 f6 28.
Nf3 Bxf3 29. Rxf3 a5 30. bxa5 bxa5 31. Qh6 Qb6+ 32. Kg2 Qb2 33. Rc2 Qb1 34. Rc1
Qb2 35. Kf2 Qxa3 36. Rc3 Qc5+ 37. Kg2 Qc6 38. Ng3 f5 39. Qh4 Rd7 40. g5 Rfd8
41. Bf1 Rd2+ 42. Kg1 Qc5+ 43. Rfe3 e5 44. fxe5 R8d4 0-1

[Event "47th IT Bosna 2017"]
[Site "Sarajevo"]
[Date "2017.05.16"]
[Round "6.21"]
[White "Obuca, Bajro"]
[Black "Sarenac, David"]
[Result "1-0"]
[WhiteElo "2117"]
[BlackElo "2346"]
[PlyCount "133"]
[EventDate "2017.05.13"]

1. e4 c5 2. Nf3 d6 3. d4 cxd4 4. Nxd4 Nf6 5. Nc3 a6 6. Be2 e5 7. Nb3 Be7 8. O-O
O-O 9. Bf3 Be6 10. Re1 Nbd7 11. Be3 Nb6 12. Nd2 Rc8 13. a4 Qc7 14. a5 Nc4 15.
Nxc4 Bxc4 16. Na4 Nd7 17. Nb6 Nxb6 18. Bxb6 Qc6 19. b3 Be6 20. c4 Bd8 21. Be3
Bc7 22. h3 Ra8 23. Qd3 b6 24. axb6 Bxb6 25. Bxb6 Qxb6 26. Red1 Rfd8 27. Ra3 a5
28. Rda1 Rd7 29. Bg4 Rda7 30. Bd1 Kf8 31. Bc2 Ke7 32. Qg3 Kf8 33. Qd3 f6 34.
Bd1 Ke7 35. Bg4 Bf7 36. Be2 Be8 37. Qg3 Kf8 38. Qc3 Bc6 39. Bf3 Ke7 40. Qd2 Qc5
41. Qc3 Kd8 42. R3a2 Kc7 43. Rd2 Rb7 44. Bd1 Bxe4 45. Bf3 Bxf3 46. Qxf3 Qc6 47.
Qg3 Kb8 48. Rad1 Rd7 49. Rd5 Raa7 50. Qd3 Kc8 51. Qxh7 a4 52. bxa4 Qxc4 53.
Qg8+ Kc7 54. Qf8 Qc6 55. Qg8 Rxa4 56. Qe6 Rc4 57. Ra5 Kb6 58. Raa1 d5 59. Rdb1+
Kc5 60. Ra5+ Kd4 61. Qg4+ e4 62. Qf4 Rc3 63. Rd1+ Kc4 64. Qd2 Qb6 65. Rxd5 Rd3
66. Qa2+ Qb3 67. Qxb3+ 1-0

[Event "47th IT Bosna 2017"]
[Site "Sarajevo"]
[Date "2017.05.16"]
[Round "6.22"]
[White "Trkulja, Goran"]
[Black "Kamberovic, Senad"]
[Result "1/2-1/2"]
[WhiteElo "2291"]
[BlackElo "2158"]
[PlyCount "106"]
[EventDate "2017.05.13"]

1. d4 d5 2. c4 c6 3. e3 Nf6 4. Qc2 g6 5. Nc3 Bg7 6. Nf3 O-O 7. Qb3 dxc4 8. Bxc4
b5 9. Be2 a6 10. O-O Nbd7 11. Rd1 Qc7 12. a4 Bb7 13. e4 e5 14. axb5 cxb5 15. d5
Nc5 16. Qb4 Qd6 17. Nxe5 Ncxe4 18. Qxd6 Nxd6 19. Nc6 Rfe8 20. Bf3 Nd7 21. Na5
Bc8 22. Be3 Ne5 23. Be2 Bg4 24. f3 Nxf3+ 25. gxf3 Rxe3 26. fxg4 Bxc3 27. bxc3
Rxe2 28. Re1 Rxe1+ 29. Rxe1 Kf8 30. Ra1 Ke7 31. Nc6+ Kd7 32. Re1 Kc7 33. Re7+
Kb6 34. Rd7 Kc5 35. Nb4 Rc8 36. Ra7 Ne4 37. Nxa6+ Kxd5 38. Rxf7 Rxc3 39. Rxh7
Kd4 40. Nb4 Kc4 41. Nc6 Rc1+ 42. Kg2 Rc2+ 43. Kf1 b4 44. Rb7 Rb2 45. h4 b3 46.
Na5+ Kc3 47. Rxb3+ Rxb3 48. Nxb3 Kxb3 49. Ke2 Nf6 50. Kf3 Kc4 51. Kf4 Kd5 52.
Kg5 Ke6 53. Kxg6 Nxg4 1/2-1/2

[Event "47th IT Bosna 2017"]
[Site "Sarajevo"]
[Date "2017.05.16"]
[Round "6.23"]
[White "Cosovic, Aziz"]
[Black "Burovic, Rijad"]
[Result "0-1"]
[WhiteElo "2006"]
[BlackElo "2290"]
[PlyCount "58"]
[EventDate "2017.05.13"]

1. c4 d6 2. g3 e5 3. Bg2 f5 4. d3 Nf6 5. Nc3 g6 6. h4 Bg7 7. Bd2 c6 8. Qc2 Be6
9. Nh3 h6 10. f4 Nh5 11. Kf2 Nd7 12. Bf3 Ndf6 13. Rag1 Qe7 14. Kf1 O-O 15. e3
Rad8 16. Nf2 Bf7 17. b3 d5 18. Kg2 d4 19. exd4 exf4 20. gxf4 Rxd4 21. Ne2 Rd7
22. Kh3 Qd6 23. Bc1 Re8 24. Rg2 Rde7 25. Rhg1 Re6 26. Nh1 Ng4 27. Bxg4 fxg4+
28. Kxg4 Re3 29. Bxe3 Qe6+ 0-1

[Event "47th IT Bosna 2017"]
[Site "Sarajevo"]
[Date "2017.05.16"]
[Round "6.24"]
[White "Kilic, Efe Mert"]
[Black "Miladinovic, Zlatko"]
[Result "1-0"]
[WhiteElo "2284"]
[BlackElo "2077"]
[PlyCount "83"]
[EventDate "2017.05.13"]

1. e4 c5 2. Nf3 Nc6 3. Bb5 Qb6 4. Na3 g6 5. O-O Bg7 6. Re1 Nf6 7. Bf1 O-O 8. c3
d6 9. h3 a6 10. d4 cxd4 11. cxd4 d5 12. e5 Ne8 13. Nc2 Bf5 14. Bd3 Bxd3 15.
Qxd3 Nc7 16. Bd2 h6 17. h4 Ne6 18. g3 Rac8 19. Bc3 Rc7 20. Ne3 Rd7 21. h5 g5
22. Nf5 Rc8 23. Nh2 Qb5 24. Qd2 Bf8 25. f4 Ncd8 26. Ng4 Kh7 27. Rad1 Rc6 28.
Nh2 Kh8 29. Ng4 Kh7 30. Rf1 gxf4 31. gxf4 Ng7 32. Nxg7 Bxg7 33. f5 f6 34. e6
Rdc7 35. Ne3 Kh8 36. Rf3 Nxe6 37. fxe6 Rxe6 38. Rg3 Re4 39. Nf5 Re2 40. Qc1 e5
41. Nxg7 Kh7 42. Nf5 1-0

[Event "47th IT Bosna 2017"]
[Site "Sarajevo"]
[Date "2017.05.16"]
[Round "6.25"]
[White "Omanovic, Vahidin"]
[Black "Hodzic, Nihad"]
[Result "1/2-1/2"]
[WhiteElo "2002"]
[BlackElo "2266"]
[PlyCount "168"]
[EventDate "2017.05.13"]

1. e4 c5 2. Nc3 Nc6 3. Nf3 e6 4. Bb5 Nge7 5. O-O a6 6. Bxc6 Nxc6 7. d4 cxd4 8.
Nxd4 Qc7 9. Kh1 Be7 10. Be3 O-O 11. f3 d6 12. Qd2 Ne5 13. b3 b5 14. Nce2 Bd7
15. Rac1 Rac8 16. h3 Qb7 17. c3 Ng6 18. Rfd1 Rfd8 19. Bg5 f6 20. Be3 d5 21.
exd5 Qxd5 22. Qc2 Qh5 23. Ng3 Qe5 24. Bf2 Qc7 25. Nge2 Ba3 26. Rb1 Bc5 27. b4
Bb6 28. Qb3 Re8 29. Bg3 Qc4 30. Qxc4 Rxc4 31. Nb3 Bc8 32. Bd6 Rc6 33. Bc5 e5
34. Bxb6 Rxb6 35. Nc5 Be6 36. Rd2 Kf7 37. Rbd1 Ke7 38. Kh2 Nf8 39. Nc1 Bc4 40.
N1b3 Rc8 41. Kg3 g5 42. Na5 Be6 43. Nab7 Rc7 44. Na5 Nd7 45. Nab3 Bf5 46. Kf2
Nf8 47. g4 Bc8 48. Rd8 Be6 49. Ra8 Bc8 50. a4 Ng6 51. a5 Rbc6 52. Ne4 Nf4 53.
Nbc5 Nxh3+ 54. Ke3 Nf4 55. Rh1 Kf8 56. Rd1 Ke7 57. Rh1 h5 58. gxh5 f5 59. Ng3
Ng2+ 60. Kf2 Nh4 61. Re1 Nxf3 62. Kxf3 Rxc5 63. Nxf5+ Kf6 64. bxc5 Bb7+ 65. Kg4
Bxa8 66. Rd1 Bf3+ 67. Kxf3 Kxf5 68. Rd5 Rc6 69. Kg3 g4 70. Rd8 Rxc5 71. Kh4
Rxc3 72. Rf8+ Ke4 73. Kxg4 Rc1 74. Rf6 Rg1+ 75. Kh4 Rh1+ 76. Kg5 Rg1+ 77. Kh4
Rh1+ 78. Kg5 Rg1+ 79. Kh6 Kd5 80. Rxa6 e4 81. Rb6 Kc5 82. Re6 Kd5 83. Rb6 Kc5
84. Re6 Kd5 1/2-1/2

[Event "47th IT Bosna 2017"]
[Site "Sarajevo"]
[Date "2017.05.16"]
[Round "6.26"]
[White "Strinic, Halid"]
[Black "Sinanovic, Ermin"]
[Result "0-1"]
[WhiteElo "2122"]
[BlackElo "1973"]
[PlyCount "84"]
[EventDate "2017.05.13"]

1. c4 Nf6 2. Nc3 e6 3. d4 Bb4 4. Qc2 c5 5. e3 d5 6. a3 Bxc3+ 7. bxc3 O-O 8. Nf3
b6 9. cxd5 Qxd5 10. Be2 Bb7 11. O-O Nc6 12. Rd1 c4 13. a4 Rfe8 14. Ne1 Na5 15.
f3 Rac8 16. e4 Qc6 17. Be3 h6 18. Bf1 Qd7 19. Ra2 Red8 20. g4 Nh7 21. Qg2 Bc6
22. h4 Bxa4 23. Rdd2 Bb3 24. Ra1 Nc6 25. g5 Kh8 26. d5 exd5 27. exd5 Ne7 28. d6
Nf5 29. Bf4 Rc5 30. Qh2 Qb7 31. Bh3 Nxh4 32. Be3 Nxf3+ 33. Nxf3 Qxf3 34. Bxc5
Nxg5 35. Bg2 Qg4 36. Rf1 bxc5 37. Qe5 Qc8 38. Rd5 Qd7 39. Qe7 Kg8 40. Rxg5 hxg5
41. Bd5 Qxd6 42. Rxf7 Qxe7 0-1

[Event "47th IT Bosna 2017"]
[Site "Sarajevo"]
[Date "2017.05.16"]
[Round "6.27"]
[White "Nikolic, Nebojsa"]
[Black "Kozarcanin, Sead"]
[Result "0-1"]
[WhiteElo "2378"]
[BlackElo "2016"]
[PlyCount "63"]
[EventDate "2017.05.13"]

1. d4 d5 2. Bf4 Nf6 3. Nc3 e6 4. e3 Bd6 5. Nf3 Bxf4 6. exf4 Nbd7 7. Ne5 c5 8.
dxc5 Nxc5 9. Qd4 Qe7 10. O-O-O O-O 11. f3 Nfd7 12. Kb1 Nxe5 13. fxe5 a6 14. h4
f6 15. exf6 Rxf6 16. Bd3 Nxd3 17. Rxd3 Qc7 18. Re1 Qg3 19. Rde3 h6 20. R1e2 Rf4
21. Qb6 Qxh4 22. Rd3 Kh7 23. a3 Rc4 24. Qd6 Rc6 25. Qf8 Qf6 26. Qe8 Qg6 27. Qf8
Qf6 28. Qb4 Rc4 29. Qd6 Rc6 30. Qh2 Bd7 31. f4 Rf8 32. Rf3 {formulari necitki}
0-1

[Event "47th IT Bosna 2017"]
[Site "Sarajevo"]
[Date "2017.05.16"]
[Round "6.28"]
[White "Hadzovic, Amir"]
[Black "Lakovic, Igor"]
[Result "1-0"]
[WhiteElo "2280"]
[BlackElo "2009"]
[PlyCount "75"]
[EventDate "2017.05.13"]

1. e4 e6 2. Nf3 d5 3. e5 c5 4. g3 Nc6 5. Bg2 Qc7 6. Qe2 g5 7. h3 Bg7 8. Nc3 a6
9. O-O Nd4 10. Qd1 Nxf3+ 11. Bxf3 Bxe5 12. d3 h6 13. Qe2 Ne7 14. Re1 Bd4 15.
Kg2 O-O 16. h4 Bf6 17. Rh1 Nf5 18. hxg5 hxg5 19. Be4 dxe4 20. Qh5 Re8 21. Nxe4
Bg7 22. Bxg5 Bd7 23. Nf6+ Kf8 24. Qh7 Bc6+ 25. Kg1 Bxh1 26. Qg8+ Ke7 27. Nxe8+
f6 28. Qxe6+ Kxe6 29. Nxc7+ Kf7 30. Nxa8 Bc6 31. Be3 Bf8 32. Nb6 Bd6 33. Nc4
Be7 34. a3 Bf3 35. Kf1 b5 36. Nd2 Bc6 37. Ke2 Bd6 38. Ne4 1-0

[Event "47th IT Bosna 2017"]
[Site "Sarajevo"]
[Date "2017.05.16"]
[Round "6.29"]
[White "Medic, Nevenko"]
[Black "Sukovic, Andrej"]
[Result "0-1"]
[WhiteElo "1996"]
[BlackElo "2236"]
[PlyCount "98"]
[EventDate "2017.05.13"]

1. d4 Nf6 2. c4 c5 3. Nf3 cxd4 4. Nxd4 g6 5. Nc3 Bg7 6. e4 O-O 7. Be2 Nc6 8.
Be3 d6 9. O-O a6 10. f3 Bd7 11. Qd2 Rc8 12. Rfd1 Qc7 13. Rac1 Qb8 14. Nd5 Nxd5
15. cxd5 Nxd4 16. Bxd4 Rxc1 17. Rxc1 Rc8 18. Bxg7 Rxc1+ 19. Qxc1 Kxg7 20. Qc3+
f6 21. Qd4 Qc7 22. Qc3 Qb6+ 23. Kf1 h5 24. h4 e5 25. dxe6 Bxe6 26. b3 d5 27.
exd5 Bxd5 28. Qc8 Be6 29. Qb8 Bf7 30. Qf4 Qa5 31. Qe4 b5 32. Qc2 Qb4 33. g3 Qd6
34. Kf2 Qd4+ 35. Kg2 Qe5 36. a4 Bxb3 37. Qxb3 Qxe2+ 38. Kg1 Qe1+ 39. Kg2 Qe2+
40. Kg1 Qc4 41. Qxc4 bxc4 42. Kf2 g5 43. Ke3 Kg6 44. Kd4 Kf5 45. Kxc4 g4 46. f4
Ke4 47. Kb4 Kf3 48. Ka5 Kxg3 49. Kxa6 Kxh4 0-1

[Event "47th IT Bosna 2017"]
[Site "Sarajevo"]
[Date "2017.05.16"]
[Round "6.30"]
[White "Dedic, Nedzad"]
[Black "Velikic, Adela"]
[Result "0-1"]
[WhiteElo "1940"]
[BlackElo "2204"]
[PlyCount "126"]
[EventDate "2017.05.13"]

1. e4 c5 2. Nf3 d6 3. Nc3 Nc6 4. Bb5 Bd7 5. O-O g6 6. Re1 Bg7 7. d3 e6 8. Ne2
a6 9. Bxc6 Bxc6 10. c3 Ne7 11. Ng3 O-O 12. Bg5 h6 13. Bd2 b5 14. Rc1 Rc8 15.
Qe2 e5 16. Rcd1 f5 17. Bc1 f4 18. Nf1 g5 19. h3 Ng6 20. d4 Qe7 21. a4 exd4 22.
cxd4 cxd4 23. Nxd4 Bxd4 24. Rxd4 f3 25. gxf3 Nh4 26. f4 Qe6 27. Rd3 gxf4 28.
Qg4+ Qxg4+ 29. hxg4 Bxe4 30. Rxe4 Rxc1 31. Rh3 Ng6 32. Rxh6 Kg7 33. Rh1 f3 34.
axb5 Nf4 35. Re7+ Kf6 36. Reh7 Rg8 37. R7h4 axb5 38. Kh2 Kg5 39. Kg3 Rf8 40.
Rh7 Ne2+ 41. Kh2 Kg6 42. Rh5 Rc5 43. Ng3 Nf4 44. Rxc5 dxc5 45. Rc1 Rh8+ 46. Kg1
c4 47. Re1 Kg5 48. Re5+ Kxg4 49. Re4 Rd8 50. Re7 Nh3+ 51. Kh2 Nxf2 52. Rg7+ Kf4
53. Rf7+ Ke3 54. Nf1+ Ke2 55. Ng3+ Ke1 56. Rxf3 Rd2 57. Re3+ Kd1 58. Kg1 Nh3+
59. Kh1 Rxb2 60. Nf5 Nf2+ 61. Kg1 Nd3 62. Nd4 b4 63. Nf3 Re2 0-1